000 00213nam a22000857a 4500
008 161228b xxu||||| |||| 00| 0 eng d
100 _92205
_aSen.s
245 _aComputer Science-7
260 _aNew Delhi
_bFrank Book
_c2010
999 _c5093
_d5093